000
00321nam a22001457a 4500
008
221228b ||||| |||| 00| 0 eng d
020
_a
9781593455040
041
_a
eng
080
_2
NINTH EDITION
_a
34
082
_a
34POL
100
_a
32
101
_a
JURED
245
_a
CRIMINAL LAW
_c
POLLOCK M J
942
_2
udc
_c
BK
999
_c
59229
_d
59229